Logo BPK

Bibliografia Prac Pracowników

Politechniki Koszalińskiej

Źródła prawa gospodarczego / (Rekord nr 10501)

Szczegóły MARC
000 -ETYKIETA REKORDU
podpole kontrolne o stałej długości 00877nam a2200253 i 4500
001 - NUMER KONTROLNY REKORDU
podpole kontrolne 10501
003 - IDENTYFIKATOR NUMERU KONTROLNEGO REKORDU
podpole kontrolne KOSZ 005
005 - DATA OSTATNIEJ MODYFIKACJI REKORDU
podpole kontrolne 20180425130531.0
008 - POLE O STAŁEJ DŁUGOŚCI - DANE KONTROLNE
podpole kontrolne o stałej długości 180425s2002 pl |000 0 pol
015 ## - NUMER BIBLIOGRAFII NARODOWEJ
Numer bibliografii narodowej PB 2004/11290
020 ## - MIĘDZYNARODOWY ZNORMALIZOWANY NUMER KSIĄŻKI - ISBN
ISBN 8388283847
040 ## - ŹRÓDŁO KATALOGOWANIA
Instytucja, która sporządziła opis WA N
Instytucja, która utworzyła rekord BPK
Instytucja, która dokonała modyfikacji KOSZ 005/HR
041 0# - KOD JĘZYKA
Kod języka tekstu pol
080 ## - UNIWERSALNA KLASYFIKACJA DZIESIĘTNA - UKD
UKD 346(438)
080 ## - UNIWERSALNA KLASYFIKACJA DZIESIĘTNA - UKD
UKD (094.4)
100 ## - NAZWA OSOBOWA
Nazwa osobowa SALIK, Halina.
Lata pracy 1999 - 2007.
Instytucja Politechnika Koszalińska - Wydział Ekonomii i Zarządzania
245 00 - TYTUŁ/ODPOWIEDZIALNOŚĆ
Tytuł Źródła prawa gospodarczego /
Pozostałe elementy strefy tytułu i oznaczenia odpowiedzialności oprac. Halina Salik.
250 ## - STREFA WYDANIA
Oznaczenie wydania Stan prawny na dzień 31 października 2001 r.
260 ## - STREFA ADRESU WYDAWNICZEGO
Miejsce wydania Koszalin :
Nazwa wydawcy/dystrybutora Wydaw. Uczelniane Politechniki Koszalińskiej,
Data publikacji, dystrybucji/powstania dokumentu 2002.
300 ## - STREFA OPISU FIZYCZNEGO
Objętość 382 s. ;
Rozmiary 24 cm.
650 #0 - HASŁO PRZEDMIOTOWE W FORMIE NAZWY OGÓLNEJ LUB JEDNOSTKOWEJ
Nazwa ogólna lub geograficzna Prawo gospodarcze.
856 ## - LOKALIZACJA I DOSTĘP DO ELEKTRONICZNYCH DOKUMENTÓW ZDALNYCH
Link (URL) http://koha.tu.koszalin.pl/cgi-bin/koha/opac-detail.pl?biblionumber=40565
Tekst linku Katalog online BPK
942 ## - HASŁO DODATKOWE - ELEMENTY(KOHA)
Schemat klasyfikacji Uniwersalna klasyfikacja dziesiętna
Typ dokumentu Książka

Brak dostępnych egzemplarzy.

© 2014 Biblioteka Politechniki Koszalińskiej :: BIBLIOGRAFIA PRAC PRACOWNIKÓW